00262nam a2200121Ia 4500008004100000100000900041245001900050260002900069300000800098650001000106942000700116999001700123190216s9999||||xx |||||||||||||| ||und|| aNull 0aHindi-Gilidoop bMac Millian And Com. Ltd a139 aHindi cBK c15985d15985